Môj okamih šťastia nový najlacnejší týždenník pre ženy

Podrobná bibliografia
Médium: Časopis
Jazyk:slovenčina
Fyzický popis:zv. 30 cm
Vydavateľské údaje: Bratislava Real Press, s.r.o. 2019-
Bratislava EMPRESS MEDIA s.r.o.
ISSN:2644-5018
Predmet:

MARC

LEADER 00000cas a2200000 a 4500
001 vtls011871199
003 SK-MaSNL
005 20260228164514.0
008 190613c20199999xo wr p 001 b0slo
022 |a 2644-5018 
040 |a SVKPO  |b slo  |c SVKPO  |d SVKBB  |d SNK  |e AACR2 
041 0 |a slo 
044 |a xo  |c SK 
072 7 |a 37  |x Výchova a vzdelávanie  |2 konspekt 
072 7 |a 79  |x Rekreácia. Voľný čas. Zábavy. Hry. Šport  |2 konspekt 
080 |a 379.8  |2 2011 
080 |a 070.489-055.2  |2 2011 
080 |a 79  |2 2011 
080 |a 050  |2 2011 
080 |a (051.055.2)  |2 2011 
210 0 |a Môj okamih šťastia 
222 0 |a Môj okamih šťastia 
245 0 0 |a Môj okamih šťastia  |b nový najlacnejší týždenník pre ženy 
260 |a Bratislava  |b Real Press, s.r.o.  |c 2019- 
260 3 |3 26/2022-  |a Bratislava  |b EMPRESS MEDIA s.r.o. 
300 |a zv.  |c 30 cm 
310 |a 1x týždenne 
362 0 |a Roč. 1, č. 1 (15. 5. 2019) - 
500 |a Evidenčné č.: EV 5783/19 
500 |a Podnázov: č. 5/2019-23/2020, najlacnejší týždenník pre ženy ; 24/2020-24/2021, najlacenjší týždenník pre celú rodinu ; 25/2021- , týždenník pre celú rodinu 
515 |a Niektoré čísla vychádzajú ako dvojčíslo 
650 0 7 |a voľný čas  |2 SNKPH  |9 3355 
655 7 |a časopisy pre ženy  |2 SNKPH  |9 70785 
775 0 |t Recept na štěstí  |x 2729-756X  |e cze  |w vtls011996957 
910 |a snk 
999 |c 13862  |d 15792 
952 |t č. 1-32  |a SNK  |b SNK  |y PREZ  |7 0  |p 17A1432582  |o snkČSB 7618/1/2019  |i snk2020/22536  |8 0  |0 0  |1 0  |4 0  |d 2020-12-14  |l 0  |r 2026-02-21 19:24:30  |w 2026-02-21 
952 |t č. 1-25  |a SNK  |b SNK  |y PREZ  |7 0  |p 17A1520101  |o snkČSB 7618/4/2022/1  |i snk2023/6518  |8 0  |0 0  |1 0  |4 0  |d 2023-04-21  |l 0  |r 2026-02-21 19:47:32  |w 2026-02-21 
952 |t č. 26-51  |a SNK  |b SNK  |y PREZ  |7 0  |p 17A1520100  |o snkČSB 7618/4/2022/2  |i snk2023/6519  |8 0  |0 0  |1 0  |4 0  |d 2023-04-21  |l 0  |r 2026-02-21 19:47:32  |w 2026-02-21 
952 |t č. 1-26  |a SNK  |b SNK  |y PREZ  |7 0  |p 17A1525549  |o snkČSB 7618/5/2023/1  |i snk2025/2972  |8 0  |0 0  |1 0  |4 0  |d 2025-02-20  |l 0  |r 2026-02-21 19:49:23  |w 2026-02-21 
952 |t č. 27-52  |a SNK  |b SNK  |y PREZ  |7 0  |p 17A1525550  |o snkČSB 7618/5/2023/2  |i snk2025/2976  |8 0  |0 0  |1 0  |4 0  |d 2025-02-20  |l 0  |r 2026-02-21 19:49:23  |w 2026-02-21 
952 |t č. 1-26  |a SNK  |b SNK  |y PREZ  |7 0  |p 17A1525551  |o snkČSB 7618/6/2024/1  |i snk2025/2983  |8 0  |0 0  |1 0  |4 0  |d 2025-02-20  |l 0  |r 2026-02-21 19:49:25  |w 2026-02-21 
952 |t č. 27-52  |a SNK  |b SNK  |y PREZ  |7 0  |p 17A1525552  |o snkČSB 7618/6/2024/2  |i snk2025/2988  |8 0  |0 0  |1 0  |4 0  |d 2025-02-20  |l 0  |r 2026-02-21 19:49:25  |w 2026-02-21 
952 |t č. 1-25  |a SNK  |b SNK  |y PREZ  |7 0  |p 17A1521955  |o snkČSB 7618/4/2022/1 D1  |i snk2023/16211  |8 0  |0 0  |1 0  |4 0  |d 2023-11-09  |l 0  |r 2026-02-21 19:49:57  |w 2026-02-21 
952 |t č. 26-51  |a SNK  |b SNK  |y PREZ  |7 0  |p 17A1521956  |o snkČSB 7618/4/2022/2 D1  |i snk2023/16212  |8 0  |0 0  |1 0  |4 0  |d 2023-11-09  |l 0  |r 2026-02-21 19:49:57  |w 2026-02-21 
952 |t č. 1-26, neúplné  |a SNK  |b SNK  |y PREZ  |7 0  |p 17A1462526  |o snkČSB 7618/2/2020/1 D1  |i snk2022/4624  |8 0  |z Chýba č. 15  |0 0  |1 0  |4 0  |d 2022-03-24  |l 0  |r 2026-02-21 20:00:49  |w 2026-02-21 
952 |t č. 27-51  |a SNK  |b SNK  |y PREZ  |7 0  |p 17A1462527  |o snkČSB 7618/2/2020/2 D1  |i snk2022/4625  |8 0  |0 0  |1 0  |4 0  |d 2022-03-24  |l 0  |r 2026-02-21 20:00:49  |w 2026-02-21 
952 |t č. 1-25  |a SNK  |b SNK  |y PREZ  |7 0  |p 17A1462528  |o snkČSB 7618/3/2021/1  |i snk2022/4626  |8 0  |0 0  |1 0  |4 0  |d 2022-03-24  |l 0  |r 2026-02-21 20:00:49  |w 2026-02-21 
952 |t č. 26-50  |a SNK  |b SNK  |y PREZ  |7 0  |p 17A1462529  |o snkČSB 7618/3/2021/2  |i snk2022/4627  |8 0  |0 0  |1 0  |4 0  |d 2022-03-24  |l 0  |r 2026-02-21 20:00:49  |w 2026-02-21 
952 |t č. 1-32  |a SNK  |b SNK  |y PREZ  |7 0  |p 17A1461009  |o snkČSB 7618/1/2019 D1  |i snk2021/14557  |8 0  |0 0  |1 0  |4 0  |d 2021-10-05  |l 0  |r 2026-02-21 20:00:59  |w 2026-02-21 
952 |t č. 1-26, neúplné  |a SNK  |b SNK  |y PREZ  |7 0  |p 17A1461010  |o snkČSB 7618/2/2020/1  |i snk2021/14558  |8 0  |z Chýba č. 15  |0 0  |1 0  |4 0  |d 2021-10-05  |l 0  |r 2026-02-21 20:00:59  |w 2026-02-21 
952 |t č. 27-51  |a SNK  |b SNK  |y PREZ  |7 0  |p 17A1461011  |o snkČSB 7618/2/2020/2  |i snk2021/14559  |8 0  |0 0  |1 0  |4 0  |d 2021-10-05  |l 0  |r 2026-02-21 20:00:59  |w 2026-02-21 
952 |t č. 1-25  |a SNK  |b SNK  |y PREZ  |7 0  |p 17A1465862  |o snkČSB 7618/3/2021/1 D1  |i snk2023/5734  |8 0  |0 0  |1 0  |4 0  |d 2023-04-06  |l 0  |r 2026-02-21 20:04:06  |w 2026-02-21 
952 |t č. 26-50  |a SNK  |b SNK  |y PREZ  |7 0  |p 17A1465863  |o snkČSB 7618/3/2021/2 D1  |i snk2023/5735  |8 0  |0 0  |1 0  |4 0  |d 2023-04-06  |l 0  |r 2026-02-21 20:04:06  |w 2026-02-21 
952 |t č. 1-26  |a SNK  |b SNK  |y PREZ  |7 0  |p 17A1555947  |o snkČSB 7618/5/2023/1 D1  |i snk2025/6966  |8 0  |0 0  |1 0  |4 0  |d 2025-04-25  |l 0  |r 2026-02-21 21:11:25  |w 2026-02-21 
952 |t č. 27-52  |a SNK  |b SNK  |y PREZ  |7 0  |p 17A1555948  |o snkČSB 7618/5/2023/2 D1  |i snk2025/6967  |8 0  |0 0  |1 0  |4 0  |d 2025-04-25  |l 0  |r 2026-02-21 21:11:25  |w 2026-02-21 
952 |t č. 1-26  |a SNK  |b SNK  |y PREZ  |7 0  |p 17A1555949  |o snkČSB 7618/6/2024/1 D1  |i snk2025/6970  |8 0  |0 0  |1 0  |4 0  |d 2025-04-25  |l 0  |r 2026-02-21 21:11:25  |w 2026-02-21 
952 |t č. 27-52  |a SNK  |b SNK  |y PREZ  |7 0  |p 17A1555950  |o snkČSB 7618/6/2024/2 D1  |i snk2025/6973  |8 0  |0 0  |1 0  |4 0  |d 2025-04-25  |l 0  |r 2026-02-21 21:11:25  |w 2026-02-21 
952 |t 1  |a SNK  |b SNK  |y NEVYP  |7 1  |p 17A1560111  |o snkČSB 7618/7/2025/1  |i snk2026/6035  |h č. 1-26  |8 0  |0 0  |1 0  |2 udc  |4 0  |d 2025-02-20  |l 0  |r 2026-04-24 09:23:47  |w 2026-02-21 
952 |t 1  |a SNK  |b SNK  |y NEVYP  |7 1  |p 17A1560112  |o snkČSB 7618/7/2025/2  |i snk2026/6036  |h č. 27-52  |8 0  |0 0  |1 0  |2 udc  |4 0  |d 2025-02-20  |l 0  |r 2026-04-24 09:41:01  |w 2026-02-21